000 01946nam a22003017a 4500
003 OSt
005 20251117084936.0
008 251117b |||||||| |||| 00| 0 eng d
040 _cDCL
082 _a၂၉၄.၃၈၂၃၅၃
130 _aတိပိဋက။
_pသုတ္တန္တပိဋက။
_pခုဒ္ဒကနိကာယ။
_tဇာတက၊ ပါဌဇာတ်၊
_lပါဠိတော်၊
_sနိဿယ။
245 _aပါဌဇာတ်ပါဠိတော်နိဿယ၊
_nဧကနိပါတ် /
_cအသျှင်ဇာဂရမထေရ်။
264 _aမန္တလေး ၊
_bမန္တလေးတောင် ပိဋကတ်တော်စာပုံနှိပ်တိုက်၊
_c၁၉၃၆။
300 _a[၃၁၄ ] စာမျက်နှာ ၊
_c၂၅ စင်တီ။
650 _aဇာတက
_vပါဠိတော်နိဿယ။
650 _aဧကနိပါတ်၊
_vပါဠိတော်နိဿယ။
650 _aဒုကနိပါတ်၊
_vပါဠိတော်နိဿယ။
650 _aတိကနိပါတ်၊
_vပါဠိတော်နိဿယ။
650 _aစတုက္ကနိပါတ်၊
_vပါဠိတော်နိဿယ။
650 _aပဥ္စကနိပါတ်၊
_vပါဠိတော်နိဿယ။
650 _aဆက္ကနိပါတ်၊
_vပါဠိတော်နိဿယ။
650 _aသတ္တနိပါတ်၊
_vပါဠိတော်နိဿယ။
650 _aအဋ္ဌကနိပါတ်၊
_vပါဠိတော်နိဿယ။
650 _aနဝကနိပါတ်၊
_vပါဠိတော်နိဿယ။
650 _aဒသနိပါတ်၊
_vပါဠိတော်နိဿယ။
700 _aဇာဂရမထေရ်၊ အသျှင်
942 _2ddc
_cSHORT TERM
_n0
999 _c2487
_d2487